ბათუმის შოთა რუსთაველის სახელმწიფო უნივერსიტეტის ბიბლიოთეკა

Judicial Bricolage : (ბიბ.ჩანაწერი № 63205)

000 -LEADER
fixed length control field 00785nam a22002057a 4500
003 - CONTROL NUMBER IDENTIFIER
control field Ge_BSU
005 - DATE AND TIME OF LATEST TRANSACTION
control field 20250626161002.0
008 - FIXED-LENGTH DATA ELEMENTS--GENERAL INFORMATION
fixed length control field 250626s2025 enk||||| |||| 00| 0 eng d
020 ## - INTERNATIONAL STANDARD BOOK NUMBER
International Standard Book Number 9781509973996x
041 ## - LANGUAGE CODE
Language code of text/sound track or separate title eng
080 ## - UNIVERSAL DECIMAL CLASSIFICATION NUMBER
Universal Decimal Classification number 347.962 J-89
245 ## - TITLE STATEMENT
Title Judicial Bricolage :
Remainder of title The Use of Foreign Precedents by Constitutional Judges in the 21st Century /
Statement of responsibility, etc. Edited by Tania Groppi, Marie-Claire Ponthoreau, Irene Spigno.
264 ## - PRODUCTION, PUBLICATION, DISTRIBUTION, MANUFACTURE, AND COPYRIGHT NOTICE
Place of production, publication, distribution, manufacture Oxford :
Name of producer, publisher, distributor, manufacturer Hart Publishing,
Date of production, publication, distribution, manufacture, or copyright notice 2025.
300 ## - PHYSICAL DESCRIPTION
Extent 734 p.;
Other physical details 24 cm.
653 ## - INDEX TERM--UNCONTROLLED
keyword სამართლი
700 ## - ADDED ENTRY--PERSONAL NAME
Personal name Groppi,Tania
Relator term რედაქტორი
9 (RLIN) 25545
700 ## - ADDED ENTRY--PERSONAL NAME
Personal name Ponthoreau, Marie-Claire
Relator term რედაქტორი
9 (RLIN) 25546
700 ## - ADDED ENTRY--PERSONAL NAME
Personal name Spigno, Irene
Relator term რედაქტორი
9 (RLIN) 25547
942 ## - ADDED ENTRY ELEMENTS (KOHA)
Source of classification or shelving scheme
Koha item type წიგნი
ეგზემპლარები
Withdrawn status Lost status Source of classification or shelving scheme Damaged status Not for loan Permanent Location Current Location Shelving location Date acquired Cost, normal purchase price Full call number Barcode Date last seen Copy number Price effective from Koha item type Public note
          ბათუმის შოთა რუსთაველის სახელმწიფო უნივერსიტეტის მთავარი ბიბლიოთეკა ბათუმის შოთა რუსთაველის სახელმწიფო უნივერსიტეტის მთავარი ბიბლიოთეკა წიგნსაცავი 2025-06-26 579.00 347.962 J-89 71984 2025-06-26 71984 2025-06-26 წიგნი 579 ლ.
          ბათუმის შოთა რუსთაველის სახელმწიფო უნივერსიტეტის მთავარი ბიბლიოთეკა ბათუმის შოთა რუსთაველის სახელმწიფო უნივერსიტეტის მთავარი ბიბლიოთეკა წიგნსაცავი 2025-06-26 579.00 347.962 J-89 71985 2025-06-26 71985 2025-06-26 წიგნი 579 ლ.
          ბათუმის შოთა რუსთაველის სახელმწიფო უნივერსიტეტის მთავარი ბიბლიოთეკა ბათუმის შოთა რუსთაველის სახელმწიფო უნივერსიტეტის მთავარი ბიბლიოთეკა წიგნსაცავი 2025-06-26 579.00 347.962 J-89 71986 2025-06-26 71986 2025-06-26 წიგნი 579 ლ.